[Event "Tbilisi Chiburdanidze Cup (Women)"]
[Site "Tbilisi"]
[Date "2021.09.10"]
[Round "6"]
[White "Khotenashvili, Bela"]
[Black "Donghvani, Nia"]
[Result "1-0"]
[WhiteElo "2478"]
[BlackElo "1959"]
[PlyCount "111"]
[EventDate "2021.09.08"]
[EventType "swiss (rapid)"]
[EventRounds "8"]
[EventCountry "GEO"]
[SourceTitle "CBM 204 Extra"]
[Source "ChessBase"]
[SourceDate "2021.11.30"]
[SourceVersion "1"]
[SourceVersionDate "2021.11.30"]
[SourceQuality "1"]

1. d4 Nf6 2. Bg5 c5 3. Bxf6 exf6 4. Nf3 d5 5. e3 Nc6 6. c3 Bg4 7. Be2 cxd4 8. Nxd4 Bxe2 9. Nxe2 Qb6 10. Qb3 Bc5 11. Qxb6 Bxb6 12. 0-0 0-0 13. Rd1 Rad8 14. Nf4 Ne7 15. a4 a5 16. Ra3 g5 17. Nh5 Rd6 18. Rb3 Rfd8 19. Rb5 f5 20. Nd2 Rh6 21. Ng3 f4 22. exf4 gxf4 23. Ne2 Rf6 24. Nf3 Rdd6 25. Kf1 Kg7 26. Nc1 Rde6 27. Nb3 Re4 28. Ra1 h6 29. Nxa5 Bxa5 30. Rxa5 Rb6 31. Rb5 Rxa4 32. Rxb6 Rxa1+ 33. Ke2 Ra7 34. Nd4 Nc6 35. Nxc6 bxc6 36. Rxc6 Rb7 37. b4 d4 38. Kd3 dxc3 39. Kxc3 h5 40. Kc4 Kf8 41. b5 Ke8 42. b6 Kd8 43. Kb5 Re7 44. Ka6 Re2 45. b7 Ra2+ 46. Kb6 Rb2+ 47. Ka7 Kd7 48. Rc5 Ra2+ 49. Kb6 Rb2+ 50. Rb5 Rxb5+ 51. Kxb5 Kc7 52. Ka6 Kb8 53. h4 f6 54. Kb6 f5 55. Kc6 f3 56. g3 1-0

[Event "Tbilisi Chiburdanidze Cup (Women)"]
[Site "Tbilisi"]
[Date "2021.09.08"]
[Round "2"]
[White "Donghvani, Nia"]
[Black "Melia, Salome"]
[Result "1/2-1/2"]
[WhiteElo "1959"]
[BlackElo "2371"]
[PlyCount "63"]
[EventDate "2021.09.08"]
[EventType "swiss (rapid)"]
[EventRounds "8"]
[EventCountry "GEO"]
[SourceTitle "CBM 204 Extra"]
[Source "ChessBase"]
[SourceDate "2021.11.30"]
[SourceVersion "1"]
[SourceVersionDate "2021.11.30"]
[SourceQuality "1"]

1. c4 e6 2. Nf3 d5 3. e3 g6 4. Nc3 Bg7 5. Be2 Ne7 6. 0-0 0-0 7. b3 c5 8. cxd5 exd5 9. d4 Nbc6 10. Bb2 cxd4 11. Nxd4 Nxd4 12. exd4 Nf5 13. Bf3 Be6 14. Ne2 Qb6 15. g3 Rfd8 16. Rc1 Qa6 17. a4 Rac8 18. Rxc8 Rxc8 19. Nf4 Rd8 20. Bc3 Qb6 21. a5 Qc6 22. Qd3 Rc8 23. Ba1 Nd6 24. Nxe6 fxe6 25. Re1 Nf5 26. Kg2 Kf7 27. Bb2 Qc2 28. Qb5 Qc6 29. Qd3 Qc2 30. Qb5 Qc6 31. Qd3 Qc2 32. Qb5 1/2-1/2

[Event "EU-ch (Women) 21st"]
[Site "Iasi"]
[Date "2021.08.16"]
[Round "7"]
[White "Verbin, Valentina"]
[Black "Donghvani, Nia"]
[Result "1-0"]
[WhiteElo "2012"]
[BlackElo "1902"]
[PlyCount "79"]
[EventDate "2021.08.09"]
[EventType "swiss"]
[EventRounds "11"]
[EventCountry "ROU"]
[SourceTitle "CBM 203 Extra"]
[Source "ChessBase"]
[SourceDate "2021.09.30"]
[SourceVersion "1"]
[SourceVersionDate "2021.09.30"]
[SourceQuality "1"]

1. e4 c5 2. Nf3 d6 3. d4 cxd4 4. Nxd4 Nf6 5. Nc3 a6 6. h3 e5 7. Nde2 Be7 8. g4 Be6 9. Bg2 h6 10. 0-0 Nbd7 11. a4 Nf8 12. Ng3 Ng6 13. Nf5 0-0 14. Be3 Re8 15. Qd2 Bxf5 16. exf5 Nh4 17. Bh1 Nh7 18. Rad1 Ng5 19. Bxg5 hxg5 20. Nd5 Bf8 21. a5 e4 22. Rfe1 Rc8 23. Rxe4 Rxe4 24. Bxe4 Qe8 25. Qxg5 Ng6 26. fxg6 Qxe4 27. gxf7+ Kxf7 28. c3 Re8 29. Rd4 Qb1+ 30. Kg2 Re5 31. Qd8 Rxd5 32. Rf4+ Kg6 33. Qxf8 Qd3 34. Qf7+ Kh7 35. Rf5 Qe4+ 36. Kh2 Rxf5 37. Qxf5+ Qxf5 38. gxf5 Kg8 39. Kg3 Kf7 40. Kf4 1-0

[Event "EU-ch (Women) 21st"]
[Site "Iasi"]
[Date "2021.08.14"]
[Round "6"]
[White "Donghvani, Nia"]
[Black "Koubova, Anna Marie"]
[Result "0-1"]
[WhiteElo "1902"]
[BlackElo "2073"]
[PlyCount "60"]
[EventDate "2021.08.09"]
[EventType "swiss"]
[EventRounds "11"]
[EventCountry "ROU"]
[SourceTitle "CBM 203 Extra"]
[Source "ChessBase"]
[SourceDate "2021.09.30"]
[SourceVersion "1"]
[SourceVersionDate "2021.09.30"]
[SourceQuality "1"]

1. c4 e6 2. Nf3 d5 3. e3 Nf6 4. Nc3 c5 5. cxd5 exd5 6. d4 Nc6 7. Bb5 Bd6 8. dxc5 Bxc5 9. Nd4 Qd6 10. Be2 0-0 11. 0-0 a6 12. a4 Bb6 13. b3 Bc7 14. g3 Bh3 15. Re1 Rfe8 16. Ba3 Qe5 17. Rc1 Bb6 18. Nf3 Qf5 19. Bd3 Qh5 20. Nh4 Bg4 21. Be2 d4 22. Bxg4 Nxg4 23. exd4 Rxe1+ 24. Qxe1 Bxd4 25. Nd1 g5 26. Nf3 Nce5 27. Nxd4 Qxh2+ 28. Kf1 Qh1+ 29. Ke2 Qe4+ 30. Kd2 Qd3# 0-1